00342nam a2200121 a 45000010005000000030005000050050017000100080041000270400020000681000039000882450073001272600020002003233CDMR20130116135241.0130130s1974||||||||||||||||||||||||||||d aCDMRbcatcCDMR1 aAguilar Romo De Oca, Juana María10aProblemática de la televisióncJuana María Aguilar Romo de Oca aBarcelonac1974